| 000 | 01659cam a2200337 a 4500 | ||
|---|---|---|---|
| 001 | 16354928 | ||
| 003 | NUST | ||
| 005 | 20220726135915.0 | ||
| 008 | 100729s2010 nyuabf b 001 0 eng | ||
| 010 | _a 2010029553 | ||
| 020 | _a978-0-452-29747-0 (hc) | ||
| 020 | _a0525951814 (hc) | ||
| 035 | _a(OCoLC)ocn526057542 | ||
| 040 |
_aDLC _cDLC _dBTCTA _dYDXCP _dEINCP _dC#P _dBUR _dBWX _dCDX _dVP@ _dZJI _dIAD _dDLC |
||
| 042 | _apcc | ||
| 050 | 0 | 0 |
_aGE149 _b.S622 2010 |
| 082 | 0 | 0 |
_a304.209051, SMI _222 |
| 100 | 1 |
_aSmith, Laurence C. _995232 |
|
| 245 | 1 | 4 |
_aThe world in 2050 : _bfour forces shaping civilization's northern future / _cLaurence C. Smith. |
| 246 | 3 | _aWorld in two thousand fifty | |
| 246 | 3 | _aWorld in twenty-fifty | |
| 260 |
_aNew York : _bDutton, _cc2010. |
||
| 300 |
_a322 p., [8] p. of plates : _bill., maps ; _c24 cm. |
||
| 505 | 0 | _aFlying into Fort McMurray (Page-1),Martell's hairy prize (Page-3),Part-I : The push, A tale of teeming cities (Page-26),Iron, oil, and wind (Page-51), California browning, Shanghai drowning (Page-82),Part-II :The pull, Two weddings and a computer model (Page-123),One if by land, two if by sea (Page-144),The third wave (Page-171),Good-bye harpoon, hello briefcase (Page-201),Part-III : Alternate endings,The Pentagon report (Page-223),The new north (Page-248). | |
| 650 | 0 |
_aGlobal environmental change _xForecasting. _995233 |
|
| 650 | 0 |
_aClimatic changes _xForecasting. _92350 |
|
| 650 | 0 |
_aTwenty-first century _vForecasts. _97497 |
|
| 906 |
_a7 _bcbc _corignew _d1 _eecip _f20 _gy-gencatlg |
||
| 942 |
_2ddc _cBK |
||
| 999 |
_c590645 _d590645 |
||